[Event "Titled Tue 3rd Jan Late"]
[Site "chess.com INT"]
[Date "2025.06.03"]
[Round "11"]
[White "Lyakh, Vasiliy"]
[Black "Povshednyi, Ivan"]
[Result "0-1"]
[BlackTitle "FM"]
[WhiteElo "2116"]
[BlackElo "2320"]
[WhiteFideId "14189828"]
[BlackFideId "14190907"]
[EventDate "2025.06.03"]

1. d4 Nf6 2. c4 e6 3. g3 Nc6 4. Nf3 Bb4+ 5. Bd2 Qe7 6. Bg2 Bxd2+ 7. Nbxd2 d6 8.
O-O O-O 9. Qc2 e5 10. dxe5 dxe5 11. Ne4 Bf5 12. Nxf6+ Qxf6 13. Qc3 Rad8 14. Rad1
h6 15. a3 Be4 16. Qe3 Bc2 17. Rc1 Bh7 18. Rcd1 Nd4 19. Nxe5 c5 20. Bd5 b5 21. b3
bxc4 22. bxc4 Nf5 23. Qc3 Nd4 24. Rfe1 Qxe5 25. Qd3 Bxd3 0-1

[Event "Titled Tue 3rd Jan Late"]
[Site "chess.com INT"]
[Date "2025.06.03"]
[Round "11"]
[White "Annaberdiyev, Babageldi"]
[Black "Gurevich, Dmitry"]
[Result "1/2-1/2"]
[WhiteTitle "FM"]
[BlackTitle "GM"]
[WhiteElo "2208"]
[BlackElo "2347"]
[WhiteFideId "14000385"]
[BlackFideId "2000407"]
[EventDate "2025.06.03"]

1. e4 c5 2. Nf3 d6 3. d3 Nf6 4. Nbd2 g6 5. g3 Bg7 6. Bg2 O-O 7. O-O Nc6 8. Re1
Rb8 9. Nf1 b5 10. c3 b4 11. d4 bxc3 12. bxc3 cxd4 13. cxd4 Bg4 14. h3 Bxf3 15.
Bxf3 Nxd4 16. Qxd4 Nd7 17. Qxa7 Bxa1 18. Bh6 Bg7 19. Bxg7 Kxg7 20. Qd4+ Kg8 21.
Ne3 Ra8 22. Re2 Qb6 23. Qd2 Qa5 24. Nd5 Rfe8 25. Kg2 Qxd2 26. Rxd2 Ra3 27. Be2
Kf8 28. Bb5 Rd8 29. Bc4 e6 30. Ne3 Ke7 31. Bb3 Ne5 32. f4 Nc6 33. Nc4 Ra7 34.
Kf3 Na5 35. Nxa5 Rxa5 36. g4 h5 37. g5 Rc5 38. Rd3 Rdc8 39. Ke3 Rc3 40. a4 Rxd3+
41. Kxd3 Rc1 42. Bc4 Rh1 43. a5 Rxh3+ 44. Kc2 Ra3 45. a6 d5 46. exd5 exd5 47.
Bf1 h4 48. Kb2 Ra4 49. Kb3 Ra1 50. Kb2 Ra5 51. Kb3 h3 52. Bxh3 Rxa6 53. f5 Kd6
54. fxg6 fxg6 55. Bf1 Ke5 56. Bxa6 Kf4 57. Bd3 Kxg5 58. Kc3 Kf4 59. Kd4 g5 60.
Kxd5 g4 61. Be4 g3 62. Bg2 Ke3 63. Be4 g2 64. Bxg2 1/2-1/2

[Event "Titled Tue 3rd Jan Late"]
[Site "chess.com INT"]
[Date "2025.06.03"]
[Round "11"]
[White "Kalyani Sirin"]
[Black "Flynn, Jacob"]
[Result "1-0"]
[WhiteTitle "WFM"]
[BlackTitle "CM"]
[WhiteElo "2136"]
[BlackElo "2271"]
[WhiteFideId "33323500"]
[BlackFideId "2509393"]
[EventDate "2025.06.03"]

1. e4 e5 2. Nf3 Nc6 3. d4 exd4 4. Nxd4 Nf6 5. Nxc6 bxc6 6. e5 Qe7 7. Qe2 Nd5 8.
h4 Qe6 9. g3 a5 10. c4 Nb6 11. Nd2 Ba6 12. b3 d5 13. Bh3 Qg6 14. O-O Bb4 15. Qf3
O-O 16. a3 Bc5 17. Re1 dxc4 18. Nxc4 Nxc4 19. bxc4 Bxc4 20. h5 Qc2 21. Bg5 Bd5
22. Qf4 Be6 23. Bg2 Rab8 24. Rac1 Bxf2+ 25. Qxf2 Qa4 26. h6 Qg4 27. hxg7 Rfe8
28. Bf6 Rb3 29. Re3 Rb6 30. Re4 Qg6 31. Rh4 Reb8 32. Be4 1-0

[Event "Titled Tue 3rd Jan Late"]
[Site "chess.com INT"]
[Date "2025.06.03"]
[Round "11"]
[White "Qin, Kevin"]
[Black "Alekseev, Evgeny"]
[Result "0-1"]
[BlackTitle "GM"]
[WhiteElo "2017"]
[BlackElo "2516"]
[WhiteFideId "2627949"]
[BlackFideId "4138147"]
[EventDate "2025.06.03"]

1. c4 c5 2. Nf3 Nc6 3. d4 cxd4 4. Nxd4 Qb6 5. Nc2 e6 6. Nc3 Nf6 7. g3 Ne5 8. b3
Qc6 9. f3 Be7 10. Bg2 a6 11. O-O Qc7 12. Kh1 O-O 13. e4 d6 14. Bb2 b6 15. Qe2
Bb7 16. Rad1 Rfe8 17. Ne3 Rad8 18. f4 Ned7 19. f5 Nc5 20. Qc2 Bf8 21. b4 Ncd7
22. fxe6 fxe6 23. Ne2 Ne5 24. Nf4 b5 25. Rc1 bxc4 26. Nxc4 Nxc4 27. Qxc4 Qxc4
28. Rxc4 d5 29. Rc7 Ba8 30. Bxf6 gxf6 31. Nh5 Be7 32. Bh3 dxe4 33. Bxe6+ Kh8 34.
Bf7 e3+ 35. Kg1 e2 36. Rb1 Rd1+ 37. Kf2 e1=Q# 0-1

[Event "Titled Tue 3rd Jan Late"]
[Site "chess.com INT"]
[Date "2025.06.03"]
[Round "11"]
[White "Ferreira, Vitor Hugo Vieira"]
[Black "Tekeyev, Zaur"]
[Result "0-1"]
[BlackTitle "IM"]
[WhiteElo "2128"]
[BlackElo "2417"]
[WhiteFideId "2119765"]
[BlackFideId "4199731"]
[EventDate "2025.06.03"]

1. e4 c5 2. Nf3 d6 3. d4 cxd4 4. Nxd4 Nf6 5. Nc3 a6 6. h3 e5 7. Nb3 h5 8. Be3
Be6 9. Qf3 Nbd7 10. O-O-O Rc8 11. Kb1 Rxc3 12. bxc3 Qc7 13. Bc1 Nb6 14. Bb2 Be7
15. Bd3 Na4 16. Rhg1 Nd7 17. g4 hxg4 18. hxg4 Nxb2 19. Kxb2 Nb6 20. c4 Na4+ 21.
Ka1 b5 22. c5 dxc5 23. Be2 c4 24. Nc1 Bb4 25. Rd5 Bc3+ 26. Kb1 Qa5 27. Bxc4 Qb4+
28. Bb3 Bxd5 29. exd5 Qa3 30. Nd3 Bd4 31. Bxa4 bxa4 32. Rh1 O-O 33. c4 Qc3 34.
Qe2 Rb8+ 35. Nb2 Rxb2+ 36. Ka1 Rxe2+ 0-1

[Event "Titled Tue 3rd Jan Late"]
[Site "chess.com INT"]
[Date "2025.06.03"]
[Round "11"]
[White "Ferraz, Michel Liah"]
[Black "Schuster, Karsten"]
[Result "0-1"]
[BlackTitle "FM"]
[WhiteElo "1998"]
[BlackElo "2266"]
[WhiteFideId "22743219"]
[BlackFideId "4611071"]
[EventDate "2025.06.03"]

1. d4 f5 2. g4 fxg4 3. e4 g6 4. h3 g3 5. fxg3 Nf6 6. e5 Nh5 7. Kf2 Bg7 8. Be2
O-O+ 9. Kg2 d6 10. Bxh5 gxh5 11. Qxh5 dxe5 12. dxe5 Qd5+ 13. Nf3 Bf5 14. Nc3 Bg6
15. Nxd5 Bxh5 16. g4 Bg6 17. Nxc7 Be4 18. Rf1 Nd7 19. Nxa8 Nxe5 20. Nc7 Nxf3 21.
Ne6 Ng5+ 22. Kg1 Nxh3+ 23. Kh2 Rxf1 24. Nxg7 Rh1+ 25. Kg3 Ng5 26. Nf5 Kf7 27. b3
Bxf5 28. gxf5 Ne4+ 29. Kg2 Rh5 30. Bb2 Rxf5 31. Re1 Nf6 32. Ba3 e5 33. c4 e4 34.
Bb2 Ra5 35. Rf1 Ra6 36. b4 Kg6 37. b5 Re6 38. c5 Nd5 39. Re1 Kf5 40. Kf2 e3+ 41.
Ke2 Nf4+ 42. Kf3 e2 0-1

[Event "Titled Tue 3rd Jan Late"]
[Site "chess.com INT"]
[Date "2025.06.03"]
[Round "11"]
[White "Lymar, Vladislav"]
[Black "Zhukovskyi, Oleksandr"]
[Result "1-0"]
[WhiteTitle "CM"]
[BlackTitle "CM"]
[WhiteElo "2216"]
[BlackElo "2153"]
[WhiteFideId "14162180"]
[BlackFideId "14169371"]
[EventDate "2025.06.03"]

1. e4 Nf6 2. Nc3 d5 3. exd5 Nxd5 4. d4 Nxc3 5. bxc3 g6 6. Nf3 Bg7 7. Bg5 c5 8.
Bb5+ Nc6 9. O-O O-O 10. Re1 Be6 11. Rxe6 fxe6 12. Qe2 cxd4 13. Qxe6+ Kh8 14.
Bxc6 bxc6 15. Bxe7 Qe8 16. Re1 Rf5 17. Nxd4 Rf7 18. Nxc6 Rc8 19. Nb4 Rxc3 20. h4
Rc7 21. Nd5 Rxc2 22. f3 Bd4+ 23. Kh1 Bg7 24. Rb1 Rc4 25. Qd6 Rc8 26. Kh2 h5 27.
Re1 Rf5 28. Qe6 Rc6 29. Qe4 Qf7 30. Nb4 1-0

[Event "Titled Tue 3rd Jan Late"]
[Site "chess.com INT"]
[Date "2025.06.03"]
[Round "11"]
[White "Harish, Neeraj"]
[Black "Guo, Felix"]
[Result "1-0"]
[WhiteTitle "CM"]
[WhiteElo "2192"]
[BlackElo "2078"]
[WhiteFideId "30958130"]
[BlackFideId "30997550"]
[EventDate "2025.06.03"]

1. c4 e6 2. g3 d5 3. Bg2 Nf6 4. Nf3 c5 5. O-O Nc6 6. b3 Be7 7. Bb2 O-O 8. e3 b6
9. d3 Bb7 10. Nc3 Qd7 11. Qc2 Rad8 12. a3 d4 13. exd4 cxd4 14. Ne2 e5 15. b4 Rc8
16. Nd2 a6 17. Ne4 Nxe4 18. Bxe4 f5 19. Bg2 Kh8 20. Qd2 g5 21. f4 gxf4 22. gxf4
Rg8 23. Ng3 Bd6 24. fxe5 Bxe5 25. Qf2 Rcf8 26. Rae1 f4 27. Rxe5 Nxe5 28. Qxd4
Qxd4+ 29. Bxd4 Re8 30. Rxf4 Bxg2 31. Kxg2 Kg7 32. Rf5 Kg6 33. Rxe5 Rd8 34. Re4
Rge8 35. Rxe8 Rxe8 36. Bxb6 Re6 37. Bf2 Rd6 38. d4 h5 39. d5 h4 40. Ne4 Rd7 41.
Bxh4 Kf5 42. Nc5 Rg7+ 43. Bg3 Rg8 44. d6 Kf6 45. Nxa6 Ke6 46. c5 Kd7 47. b5 Kc8
48. c6 Kd8 49. Nc5 Kc8 50. Nb7 1-0

[Event "Titled Tue 3rd Jan Late"]
[Site "chess.com INT"]
[Date "2025.06.03"]
[Round "11"]
[White "Ozkan, Taha"]
[Black "Araujo Filho, Luiz Antonio Coel"]
[Result "0-1"]
[WhiteTitle "FM"]
[WhiteElo "2247"]
[BlackElo "2077"]
[WhiteFideId "34577173"]
[BlackFideId "2130661"]
[EventDate "2025.06.03"]

1. d4 f5 2. e4 fxe4 3. Nc3 Nf6 4. Bg5 Nc6 5. f3 exf3 6. Nxf3 e6 7. Bd3 Be7 8.
O-O O-O 9. Qe2 b6 10. Rae1 Bb7 11. a3 a5 12. Qd2 Ba6 13. Kh1 Bxd3 14. Qxd3 Rb8
15. d5 exd5 16. Nxd5 Nxd5 17. Qxd5+ Kh8 18. Bxe7 Nxe7 19. Qh5 h6 20. Ne5 Rxf1+
21. Rxf1 Qe8 22. Qg4 d6 23. Nf7+ Kh7 24. Qe4+ g6 25. Qh4 Nf5 26. Qf6 Qe2 27. Rg1
Rf8 28. Ng5+ hxg5 29. Qxf8 Ng3+ 30. hxg3 Qh5# 0-1

[Event "Titled Tue 3rd Jan Late"]
[Site "chess.com INT"]
[Date "2025.06.03"]
[Round "11"]
[White "Matta, Vinay Kumar"]
[Black "Zieba, Hubert"]
[Result "0-1"]
[WhiteTitle "FM"]
[BlackTitle "CM"]
[WhiteElo "2120"]
[BlackElo "2233"]
[WhiteFideId "5016649"]
[BlackFideId "21844704"]
[EventDate "2025.06.03"]

1. e4 c5 2. Nf3 Nc6 3. d4 cxd4 4. Nxd4 g6 5. c4 Nf6 6. Nc3 d6 7. Be2 Nxd4 8.
Qxd4 Bg7 9. Bg5 O-O 10. Qd2 Qa5 11. O-O Be6 12. Rfd1 Rfc8 13. Bxf6 Bxf6 14. Nd5
Qxd2 15. Nxf6+ exf6 16. Rxd2 Bxc4 17. Bxc4 Rxc4 18. Rxd6 Rxe4 19. Rxf6 Re2 20.
Rb1 Rd8 21. g3 Rdd2 22. Rc1 Re7 23. Rb1 Kg7 24. Rf3 Ree2 25. Rc1 Re7 26. Rb3 b6
27. Rc4 Ree2 28. Rf3 Re7 29. Rb4 f5 30. a4 Ree2 31. b3 Re1+ 32. Kg2 Rc1 33. a5
Rc6 34. axb6 Rxb6 35. Rxb6 axb6 36. Rf4 Kf6 37. Rb4 Rd6 38. Kf3 Ke5 39. Ke3 Kd5
40. Rd4+ Kc5 41. Rxd6 Kxd6 42. Kd4 Kc6 43. f4 Kb5 44. h4 Kb4 45. h5 Kxb3 46. h6
b5 47. Ke5 b4 48. Kf6 Kc4 49. Kg7 b3 50. Kxh7 b2 51. Kxg6 b1=Q 52. h7 Qb2 53.
Kxf5 Kd5 54. Kg6 Ke6 55. f5+ Ke7 56. g4 Qf6+ 57. Kh5 Qg7 58. f6+ Kxf6 59. Kh4
Qxh7+ 60. Kg3 Kg5 0-1

[Event "Titled Tue 3rd Jan Late"]
[Site "chess.com INT"]
[Date "2025.06.03"]
[Round "11"]
[White "Harvey, Marcus R"]
[Black "Ferrara, Enzo"]
[Result "1-0"]
[WhiteTitle "IM"]
[WhiteElo "2447"]
[BlackElo "2138"]
[WhiteFideId "400092"]
[BlackFideId "137731"]
[EventDate "2025.06.03"]

1. c4 f5 2. Nc3 Nf6 3. g3 g6 4. Bg2 Bg7 5. Nh3 e5 6. O-O O-O 7. d4 exd4 8. Qxd4
Nc6 9. Qd2 d6 10. Nf4 Ne5 11. Nfd5 Rb8 12. b3 Be6 13. Bb2 Nxd5 14. Nxd5 Kh8 15.
Nf4 Bg8 16. Rac1 b6 17. Bd5 Qe7 18. Rfd1 Rbe8 19. b4 Rd8 20. Bxg8 Kxg8 21. Qd5+
Rf7 22. Ne6 c6 23. Nxd8 cxd5 24. Nxf7 Nxf7 25. Bxg7 Kxg7 26. cxd5 Qxe2 27. Re1
Qxa2 28. Rc7 Qxd5 29. Rxa7 Kf6 30. f4 b5 31. Ree7 Qb3 32. Rxf7+ Ke6 33. Rfe7+
Kd5 34. Rxh7 Qxb4 35. Kg2 Qd2+ 36. Kh3 b4 37. Rhc7 b3 38. Ra5+ Ke4 39. Rb5 Qd1
40. Rc4+ Kf3 41. Kh4 Kf2 42. Kg5 Qh5+ 43. Kf6 Qxh2 44. Rxb3 Qh6 45. Rc2+ Ke1 46.
Rb1# 1-0

[Event "Titled Tue 3rd Jan Late"]
[Site "chess.com INT"]
[Date "2025.06.03"]
[Round "11"]
[White "Panin, Mikhail"]
[Black "Sivakumar, Ashvin"]
[Result "0-1"]
[WhiteTitle "CM"]
[BlackTitle "FM"]
[WhiteElo "2262"]
[BlackElo "2175"]
[WhiteFideId "34164992"]
[BlackFideId "5804655"]
[EventDate "2025.06.03"]

1. Nf3 g6 2. e4 Bg7 3. d4 d6 4. Be2 Nf6 5. Nc3 O-O 6. O-O c5 7. d5 a6 8. a4 b6
9. Re1 e5 10. Nd2 Ne8 11. Nc4 Ra7 12. f4 Nd7 13. Kh1 exf4 14. Bxf4 Ne5 15. Qd2
Nxc4 16. Bxc4 Be5 17. Nd1 Re7 18. c3 Nc7 19. Nf2 b5 20. axb5 axb5 21. Bd3 c4 22.
Bf1 Na6 23. Bxe5 Rxe5 24. Qf4 Nc5 25. Ra7 Qb6 26. Rea1 Ba6 27. R7xa6 Nxa6 28.
Ng4 f6 29. Nxe5 fxe5 30. Qg4 Nc5 31. h3 Qb7 32. Be2 Ra8 33. Rf1 Rf8 34. Rxf8+
Kxf8 35. Kh2 Qd7 36. Qh4 Qe7 37. Qg4 Kg7 38. Bf3 Na4 39. Qg3 Nxb2 40. Qf2 Na4
41. Qd2 Qf6 42. g3 Qxf3 0-1

[Event "Titled Tue 3rd Jan Late"]
[Site "chess.com INT"]
[Date "2025.06.03"]
[Round "11"]
[White "Jasinski, Alexander"]
[Black "Sanchez Negreiros, Jose Alberto"]
[Result "0-1"]
[BlackTitle "FM"]
[WhiteElo "1964"]
[BlackElo "2231"]
[WhiteFideId "55627994"]
[BlackFideId "3851516"]
[EventDate "2025.06.03"]

1. e4 g6 2. d4 Bg7 3. Nc3 c5 4. dxc5 Qa5 5. Bd2 Qxc5 6. Bd3 Nc6 7. Nf3 Nf6 8.
O-O O-O 9. Be3 Qa5 10. a3 d6 11. b4 Qd8 12. Rb1 Ng4 13. Bd2 Bd7 14. h3 Nge5 15.
Ne2 Rc8 16. Be3 Nxf3+ 17. gxf3 Bxh3 18. Re1 Ne5 19. Nf4 Bd7 20. Bxa7 b6 21. Nd5
e6 22. Nxb6 Qg5+ 23. Kf1 Ra8 24. Nxd7 Nxd7 25. Be3 Qh4 26. Rb3 Ne5 27. f4 Qh3+
28. Ke2 Qg4+ 29. Kd2 Nf3+ 30. Kc1 Qh3 31. Bf1 Qh1 32. Re2 Rfc8 33. Bd2 Nd4 34.
Ree3 Rxc2+ 35. Kb1 Nxb3 36. Kxc2 Rxa3 37. Rxb3 Qxe4+ 38. Bd3 Qc6+ 39. Bc3 Rxb3
40. Kxb3 Qxc3+ 41. Ka4 d5 42. Qb1 Bf8 43. Ka5 Bxb4+ 44. Qxb4 Qxd3 45. Qb8+ Kg7
46. Qe5+ f6 47. Qc7+ Kh6 48. Qe7 Qf5 49. Qf8+ Kh5 50. Qe7 Kg4 51. Qxh7 Kxf4 52.
Qh2+ Kf3 53. Qg3+ Ke2 54. Qe3+ Kf1 55. f4 d4+ 0-1

[Event "Titled Tue 3rd Jan Late"]
[Site "chess.com INT"]
[Date "2025.06.03"]
[Round "11"]
[White "Bian, Alex"]
[Black "Raptis, Nick"]
[Result "0-1"]
[WhiteTitle "FM"]
[BlackTitle "FM"]
[WhiteElo "2342"]
[BlackElo "2220"]
[WhiteFideId "2056372"]
[BlackFideId "2016850"]
[EventDate "2025.06.03"]

1. e4 e6 2. d4 d5 3. Nd2 Nf6 4. e5 Nfd7 5. Bd3 c5 6. c3 Nc6 7. Ne2 cxd4 8. cxd4
f6 9. exf6 Nxf6 10. Nf3 Bd6 11. O-O O-O 12. Bg5 Bd7 13. a3 Be8 14. Qc2 h6 15.
Bh4 Bh5 16. Bg3 Bxf3 17. gxf3 e5 18. Bf5 Qe7 19. Rad1 Rae8 20. Bh3 e4 21. fxe4
Nxe4 22. Bg2 Rf6 23. Bxd6 Qxd6 24. Ng3 Ng5 25. Qb3 Rd8 26. h4 Ne6 27. Rfe1 Nexd4
28. Qc3 Qf4 29. Rf1 Qxh4 30. Rde1 Qg5 31. Qc5 b6 32. Qc3 Rdf8 33. Rd1 Rf4 34.
Qe3 Kh8 35. Rc1 Ne5 36. Bxd5 Ndf3+ 37. Bxf3 Nxf3+ 38. Kg2 Nh4+ 39. Kg1 Qg4 40.
Rc2 Rf3 41. Qe5 Qh3 0-1

[Event "Titled Tue 3rd Jan Late"]
[Site "chess.com INT"]
[Date "2025.06.03"]
[Round "11"]
[White "Mizzi, Jack"]
[Black "Torosyan, Volodya"]
[Result "1-0"]
[WhiteTitle "CM"]
[BlackTitle "CM"]
[WhiteElo "2086"]
[BlackElo "2186"]
[WhiteFideId "5602521"]
[BlackFideId "13319051"]
[EventDate "2025.06.03"]

1. d4 e6 2. c4 Bb4+ 3. Nd2 Nf6 4. Nf3 b6 5. g3 Bb7 6. Bg2 c5 7. O-O cxd4 8. Nxd4
Bxg2 9. Kxg2 O-O 10. N2f3 Nc6 11. Nxc6 dxc6 12. Qxd8 Rfxd8 13. Bg5 h6 14. Bxf6
gxf6 15. Rfd1 Bc5 16. a3 a5 17. e3 Kf8 18. Kf1 Ke7 19. Ke2 b5 20. cxb5 cxb5 21.
Rxd8 Rxd8 22. Rd1 Rb8 23. Nd4 Rb6 24. Nb3 Bd6 25. Nxa5 Ra6 26. Nb7 Be5 27. Nc5
Rc6 28. Nd3 Bd6 29. Rc1 Rb6 30. f4 b4 31. a4 b3 32. Rc4 e5 33. e4 exf4 34. gxf4
Rb8 35. a5 Rg8 36. a6 Ra8 37. Ra4 Kd7 38. Ke3 Kc6 39. Nc1 Kb5 40. Ra1 Kc4 41.
Nd3 Kb5 42. Kd4 Bb4 43. Nxb4 Kxb4 44. a7 Rd8+ 45. Ke3 Ra8 46. e5 f5 47. Kf3 Kc4
48. Ke3 Kb4 49. h3 h5 50. h4 Kc4 51. Ra3 Kb4 52. Ra6 Kb5 53. Ra1 Kb4 54. Kd2
Rd8+ 55. Kc1 Rc8+ 56. Kd1 Ra8 57. Ke2 Kb5 58. Ke3 Kb4 59. e6 fxe6 60. Kd4 Kb5
61. Ke5 Kc4 62. Ra3 Kd3 63. Rxb3+ Kc2 64. Rb7 Kd3 65. b4 Kc4 66. b5 Rc8 67. b6
Kb5 68. Rb8 Rc1 69. a8=Q Re1+ 1-0

[Event "Titled Tue 3rd Jan Late"]
[Site "chess.com INT"]
[Date "2025.06.03"]
[Round "11"]
[White "Erdogmus, Yagiz Kaan"]
[Black "Bortnyk, Olexandr"]
[Result "1-0"]
[WhiteTitle "GM"]
[BlackTitle "GM"]
[WhiteElo "2618"]
[BlackElo "2601"]
[WhiteFideId "44599790"]
[BlackFideId "14120828"]
[EventDate "2025.06.03"]

1. d4 Nf6 2. Bg5 e6 3. e4 h6 4. Bxf6 Qxf6 5. Nc3 Bb4 6. Qd3 d5 7. O-O-O Bxc3 8.
Qxc3 Qf4+ 9. Kb1 dxe4 10. f3 exf3 11. Nxf3 O-O 12. Bd3 Nc6 13. Rhf1 Qg4 14. h3
Qh5 15. Be4 Qa5 16. Qe3 Nb4 17. a3 Nd5 18. Qf2 Bd7 19. Ne5 Be8 20. Ng6 Bb5 21.
Nxf8 Bxf1 22. Nxe6 fxe6 23. Rxf1 Nf6 24. Bf3 e5 25. dxe5 Qxe5 26. Bxb7 Rd8 27.
Qxa7 Qb5 28. Qa6 Qe5 29. Qc4+ Kh8 30. Bf3 Rd4 31. Qc3 c5 32. Re1 Qd6 33. b3 Kh7
34. Kb2 Kh8 35. a4 Rb4 36. Rd1 Qb6 37. Qd2 1-0

[Event "Titled Tue 3rd Jan Late"]
[Site "chess.com INT"]
[Date "2025.06.03"]
[Round "11"]
[White "Rojas Alarcon, Julian Antonio"]
[Black "Materia, Marco"]
[Result "0-1"]
[WhiteTitle "FM"]
[BlackTitle "IM"]
[WhiteElo "2365"]
[BlackElo "2489"]
[WhiteFideId "5107407"]
[BlackFideId "45150451"]
[EventDate "2025.06.03"]

1. c4 Nf6 2. g3 e6 3. Bg2 d5 4. Nf3 Nbd7 5. O-O c6 6. Qc2 Bd6 7. d4 Ne4 8. b3
Qe7 9. Bb2 O-O 10. Nc3 f5 11. Rad1 g5 12. e3 Qg7 13. cxd5 exd5 14. Ne1 Ndf6 15.
Nd3 h5 16. f3 Nxc3 17. Bxc3 h4 18. Ne5 Qh6 19. Qd2 Be6 20. Bb4 Bxb4 21. Qxb4
hxg3 22. hxg3 Nh5 23. Qxb7 Nxg3 24. Rf2 f4 25. exf4 gxf4 26. Re1 Kh8 27. Qxc6
Rac8 28. Qd6 Qf6 29. Nd7 Bxd7 30. Qxd7 Qxd4 31. Qh3+ Kg8 32. Qg4+ Qg7 33. Qe6+
Qf7 34. Qg4+ Kh8 35. Re6 Qg7 36. Qh4+ Kg8 37. Kh2 Rf5 38. Re7 Qf6 39. Qxf6 Rxf6
40. Re5 Rc1 41. Kh3 Rg6 42. Rxd5 Rc7 0-1

[Event "Titled Tue 3rd Jan Late"]
[Site "chess.com INT"]
[Date "2025.06.03"]
[Round "11"]
[White "Holinka, Henning"]
[Black "Dubnevych, Maksym"]
[Result "0-1"]
[WhiteTitle "FM"]
[BlackTitle "FM"]
[WhiteElo "2303"]
[BlackElo "2292"]
[WhiteFideId "12967084"]
[BlackFideId "14184001"]
[EventDate "2025.06.03"]

1. c4 e6 2. g3 d5 3. Bg2 Nf6 4. Nf3 Be7 5. O-O O-O 6. d4 dxc4 7. Qc2 a6 8. a4
Bd7 9. Qxc4 Bc6 10. Bg5 Nbd7 11. Nc3 h6 12. Bxf6 Nxf6 13. a5 Bd5 14. Qd3 Bxf3
15. Bxf3 c6 16. Ra4 Qc7 17. e3 Rfd8 18. Qc4 Rac8 19. Rc1 e5 20. dxe5 Qxe5 21.
Qb3 Rd7 22. Kg2 Rcd8 23. Rc2 h5 24. h4 g6 25. Ne2 Kg7 26. Nf4 Qf5 27. Re2 Qc5
28. Rc2 Qa7 29. Ra1 Bd6 30. Nh3 Be5 31. Ng5 Nd5 32. Ra4 Qb8 33. g4 hxg4 34. Rxg4
Nf6 35. Rb4 Qc7 36. Rb6 Rh8 37. Rc4 Ne8 38. Rg4 Nf6 39. Rc4 Ne8 40. Rg4 Nd6 41.
Qc2 Re7 42. Nxf7 Kxf7 43. Qxg6+ Kf8 44. Rbb4 Rg7 45. Qe6 Qe7 46. Qb3 Rxh4 47.
Rxg7 Qxg7+ 48. Kf1 Rh6 49. Rg4 Qf7 50. Qd1 Rf6 51. Kg2 Ke7 52. Rg5 Rg6 53. Rxg6
Qxg6+ 54. Kf1 Bxb2 55. Qb3 Be5 56. Ke2 Qe6 57. Qb1 Qc4+ 58. Kd1 Qf1+ 59. Kc2
Qxf2+ 0-1

[Event "Titled Tue 3rd Jan Late"]
[Site "chess.com INT"]
[Date "2025.06.03"]
[Round "11"]
[White "Xiong, Jeffery"]
[Black "Tang, Andrew"]
[Result "1-0"]
[WhiteTitle "GM"]
[BlackTitle "GM"]
[WhiteElo "2636"]
[BlackElo "2529"]
[WhiteFideId "2047640"]
[BlackFideId "2059630"]
[EventDate "2025.06.03"]

1. d4 d5 2. c4 e6 3. Nc3 Be7 4. Bf4 Nf6 5. e3 O-O 6. a3 b6 7. cxd5 Nxd5 8. Nxd5
exd5 9. Bd3 c5 10. Nf3 c4 11. Bb1 Nc6 12. h4 b5 13. Ng5 h6 14. Qh5 Qe8 15. Nh7
f5 16. Qf3 Be6 17. Nxf8 Qxf8 18. Qg3 Qf6 19. h5 a5 20. Qg6 Qxg6 21. hxg6 Bf6 22.
Rh5 Ne7 23. Bd6 Nxg6 24. Bxf5 Kf7 25. Bxe6+ Kxe6 26. Bc5 Nh4 27. Ke2 Re8 28. Rh1
Ng6 29. Bb6 Ra8 30. Bc5 Rb8 31. g4 Nh8 32. f4 Nf7 33. Rb1 b4 34. axb4 axb4 35.
Ra1 c3 36. bxc3 b3 37. Kd3 g6 38. Rh2 Nd8 39. Rxh6 Kf7 40. Ra7+ Ke8 41. Rxg6 1-0

[Event "Titled Tue 3rd Jan Late"]
[Site "chess.com INT"]
[Date "2025.06.03"]
[Round "11"]
[White "Dogan, Umut Anil"]
[Black "Shukhman, Anna"]
[Result "1-0"]
[WhiteTitle "CM"]
[BlackTitle "WGM"]
[WhiteElo "2123"]
[BlackElo "2413"]
[WhiteFideId "51618060"]
[BlackFideId "54180058"]
[EventDate "2025.06.03"]

1. d4 d5 2. Nf3 Nf6 3. e3 g6 4. Be2 Bg7 5. O-O O-O 6. b3 b6 7. Bb2 Bb7 8. Nbd2
Ne4 9. c4 e6 10. Rc1 c5 11. cxd5 exd5 12. Qc2 Nc6 13. dxc5 bxc5 14. Bxg7 Kxg7
15. Nxe4 dxe4 16. Rfd1 Qf6 17. Nd2 Nb4 18. Qxc5 Nxa2 19. Rc4 Rac8 20. Qxa7 Nc3
21. Rxc3 Qxc3 22. Qxb7 Rcd8 23. Nf1 Rxd1 24. Bxd1 Rd8 25. Be2 Qe1 26. Bc4 Rf8
27. Qxe4 Qb4 28. Qd4+ f6 29. h4 Qe7 30. h5 Ra8 31. Qf4 g5 32. Qg4 Ra1 33. Kh2
Qe5+ 34. Ng3 Qd6 35. f4 Qd1 36. Nf5+ Kf8 37. Qxd1 Rxd1 38. fxg5 fxg5 39. Kg3 Re1
40. Kg4 h6 41. Nxh6 Kg7 42. Nf5+ Kf8 43. Kxg5 Rg1 44. g4 Rh1 45. h6 Ke8 46. Kg6
Kd7 47. h7 1-0

[Event "Titled Tue 3rd Jan Late"]
[Site "chess.com INT"]
[Date "2025.06.03"]
[Round "11"]
[White "Garzon Zapatanga, Christopher Leonel"]
[Black "Zlatkov, Anton"]
[Result "1-0"]
[WhiteTitle "FM"]
[BlackTitle "FM"]
[WhiteElo "2168"]
[BlackElo "2322"]
[WhiteFideId "3634787"]
[BlackFideId "15005402"]
[EventDate "2025.06.03"]

1. b3 Nf6 2. Bb2 g6 3. e3 Bg7 4. Nf3 O-O 5. Be2 d5 6. O-O c5 7. c4 d4 8. exd4
Nh5 9. d3 cxd4 10. Re1 Nc6 11. Nbd2 e5 12. Bf1 Re8 13. g3 Bf5 14. a3 Qd7 15. b4
Bh3 16. Bxh3 Qxh3 17. Ne4 Nf6 18. Nfg5 Qd7 19. b5 Nd8 20. a4 Nxe4 21. Nxe4 Ne6
22. Ba3 f5 23. Nd6 Red8 24. c5 Qe7 25. Qb3 b6 26. cxb6 Rxd6 27. Bxd6 Qxd6 28. b7
Rb8 29. Rac1 Kf7 30. Rc6 Qd7 31. Rec1 Rxb7 32. a5 Ke7 33. Qa3+ Kd8 34. Rd6 Bf8
35. Rxd7+ Rxd7 36. Qb3 Ke7 37. b6 axb6 38. axb6 Rb7 39. Qb5 Nd8 40. Rc7+ Kd6 41.
Qd7# 1-0